MARC details
| 000 -CABECERA |
| campo de control de longitud fija |
05167nam a2200373 a 4500 |
| 003 - IDENTIFICADOR DEL NÚMERO DE CONTROL |
| campo de control |
CHAP |
| 005 - FECHA Y HORA DE LA ÚLTIMA TRANSACCIÓN |
| campo de control |
20250211095446.0 |
| 007 - CAMPO FIJO DE DESCRIPCIÓN FÍSICA--INFORMACIÓN GENERAL |
| campo de control de longitud fija |
ta |
| 008 - DATOS DE LONGITUD FIJA--INFORMACIÓN GENERAL |
| campo de control de longitud fija |
250211s2024 mx adm|fom||| 001 0 spa d |
| 040 ## - FUENTE DE LA CATALOGACIÓN |
| Normas de descripción |
rda |
| 041 ## - CÓDIGO DE LENGUA |
| Código de lengua del texto/banda sonora o título independiente |
spa |
| Código de lengua del sumario o resumen |
eng |
| 100 1# - ENTRADA PRINCIPAL--NOMBRE DE PERSONA |
| Nombre de persona |
Zenil López, Ximena |
| 9 (RLIN) |
189527 |
| 245 1# - MENCIÓN DE TÍTULO |
| Título |
Control fúngico en frutos de aguacate (Persea americana) Hass utilizando aceite esencial de tomillo (Thymus vulgaris) / |
| Mención de responsabilidad, etc. |
Ximena Zenil López |
| 264 ## - PRODUCCIÓN, PUBLICACIÓN, DISTRIBUCIÓN, FABRICACIÓN Y COPYRIGHT |
| Producción, publicación, distribución, fabricación y copyright |
Chapingo, México : |
| Nombre del de productor, editor, distribuidor, fabricante |
El autor, |
| Fecha de producción, publicación, distribución, fabricación o copyright |
2024 |
| 300 ## - DESCRIPCIÓN FÍSICA |
| Extensión |
1 recurso en línea (xi,78 páginas) : |
| Otras características físicas |
ilustraciones, tablas, gráficas, fotografías |
| 336 ## - TIPO DE CONTENIDO |
| Fuente |
rdacontent |
| Término de tipo de contenido |
texto |
| Código de tipo de contenido |
txt |
| 337 ## - TIPO DE MEDIO |
| Fuente |
rdamedia |
| Nombre/término del tipo de medio |
computadora |
| Código del tipo de medio |
c |
| 338 ## - TIPO DE SOPORTE |
| Fuente |
rdacarrier |
| Nombre/término del tipo de soporte |
recurso en línea |
| Código del tipo de soporte |
cr |
| 502 3# - NOTA DE TESIS |
| Nota de tesis |
Tesis |
| Tipo de título |
(Ingeniero Agroindustrial) -- |
| Nombre de la institución que otorga el título |
Departamento de Ingeniería Agroindustrial, |
| Año de obtención del título |
2024 |
| Información miscelánea |
Licenciatura |
| 504 ## - NOTA DE BIBLIOGRAFÍA, ETC. |
| Nota de bibliografía, etc. |
Bibliografía : páginas 60-74 |
| 520 3# - SUMARIO, ETC. |
| Sumario, etc. |
El desarrollo de enfermedades debido a agentes fitopatógenos es una de las principales causas de pérdidas en postcosecha de productos hortofrutícolas. Un caso específico es el del aguacate (Persea americana), que se afecta por hongo como los pertenecientes al género Colletotrichum spp., responsables de la enfermedad de antracnosis. La infección en los frutos sucede en cualquier etapa de la cadena productiva, permaneciendo latente hasta su desarrollo en la etapa de maduración, resultando imperceptible antes. El impacto ocasionado está en gran medida relacionado al control utilizado, donde el de tipo químico es el más utilizado. Los aceites esenciales son mezclas de compuestos químicos extraídos de plantas aromáticas. Son empleados en distintos sectores debido a las características que poseen, entre las cuales está la propiedad antifúngica, originada por la presencia de compuestos terpénicos, destacando al timol y carvacrol. Este tipo de compuestos se encuentran en mayor proporción en aceites como el de tomillo, lo que podría significar una alternativa de control biológico. De este modo, el presente trabajo se realizó utilizando aceite esencial de tomillo para inhibir in vitro al hongo Colletotrichum siamense aislado de frutos de aguacate. Se realizó una primera evaluación de manera directa o por contacto, teniendo que a 800 ppm la inhibición fue completa, lo que identificó la Concentración Mínima Inhibitoria (CMI). Se realizó una segunda evaluación con el uso del aceite esencial en fase gaseosa, donde se manejaron tres tiempos de exposición de aceite esencial (2, 3 y 4 h de recirculación) y de donde se derivó una CMI fue de 67 ppm, que correspondió a 4 h de recirculación. Las otras dos condiciones sólo tuvieron un efecto fungistático, pues el hongo retomó su crecimiento una vez que el ambiente estuvo libre de aceite esencial. |
| 520 3# - SUMARIO, ETC. |
| Sumario, etc. |
The development of diseases due to phytopathogenic agents is one of the main causes of postharvest losses of horticultural products. A specific case is that of avocado (Persea americana), which is affected by fungi such as those belonging to the genus Colletotrichum spp., responsible for the anthracnose disease. The infection in fruits occurs at any stage of the production chain, remaining latent until its development in the ripening stage, becoming imperceptible before. The impact caused is largely related to the control used, where the chemical type is the most used. Essential oils are mixtures of chemical compounds extracted from aromatic plants. They are used in different sectors due to characteristics such as the antifungal capacity, caused by the presence of terpene compounds, highlighting thymol and carvacrol. These types of compounds are found in a greater proportion in oils such as thyme, which could mean an alternative for biological control. Thus, the present work was carried out using thyme essential oil to inhibit in vitro the fungus Colletotrichum siamense isolated from avocado fruits. A first evaluation was carried out directly or by contact, with the inhibition being complete at 800 ppm, which identified the Minimum Inhibitory Concentration (MIC). A second evaluation was carried out with the use of the essential oil in the gas phase, where three essential oil exposure times were handled (2, 3 and 4 h of recirculation) and from which a MIC of 67 ppm was derived, which corresponded to 4 h of recirculation. The other two conditions only had a fungistatic effect, since the fungus resumed its growth once the environment was free of essential oil. |
| 650 13 - PUNTO DE ACCESO ADICIONAL DE MATERIA--TÉRMINO DE MATERIA |
| Término de materia o nombre geográfico como elemento de entrada |
Aguacate |
| Fuente del encabezamiento o término |
atg |
| 9 (RLIN) |
2490 |
| Subdivisión general |
Enfermedades fungales de las plantas |
| 650 13 - PUNTO DE ACCESO ADICIONAL DE MATERIA--TÉRMINO DE MATERIA |
| Término de materia o nombre geográfico como elemento de entrada |
Aguacate |
| Fuente del encabezamiento o término |
atg |
| 9 (RLIN) |
2490 |
| Subdivisión general |
Control de enfermedades vegetales |
| 650 13 - PUNTO DE ACCESO ADICIONAL DE MATERIA--TÉRMINO DE MATERIA |
| Término de materia o nombre geográfico como elemento de entrada |
Aceite de tomillo |
| Fuente del encabezamiento o término |
atg |
| 9 (RLIN) |
190092 |
| Subdivisión general |
Propiedades fungicidas |
| 650 13 - PUNTO DE ACCESO ADICIONAL DE MATERIA--TÉRMINO DE MATERIA |
| Término de materia o nombre geográfico como elemento de entrada |
Avocados |
| Fuente del encabezamiento o término |
atg |
| 9 (RLIN) |
148887 |
| Subdivisión general |
Fungal diseases of plants |
| 650 13 - PUNTO DE ACCESO ADICIONAL DE MATERIA--TÉRMINO DE MATERIA |
| Término de materia o nombre geográfico como elemento de entrada |
Avocados |
| Fuente del encabezamiento o término |
atg |
| 9 (RLIN) |
148887 |
| Subdivisión general |
Plant disease control |
| 650 13 - PUNTO DE ACCESO ADICIONAL DE MATERIA--TÉRMINO DE MATERIA |
| Término de materia o nombre geográfico como elemento de entrada |
Thyme oil |
| Fuente del encabezamiento o término |
atg |
| 9 (RLIN) |
190093 |
| Subdivisión general |
Antifungal properties |
| 700 1# - PUNTO DE ACCESO ADICIONAL--NOMBRE DE PERSONA |
| Nombre de persona |
Valle Guadarrama, Salvador |
| 9 (RLIN) |
151202 |
| Término indicativo de función/relación |
director |
| 700 1# - PUNTO DE ACCESO ADICIONAL--NOMBRE DE PERSONA |
| Nombre de persona |
Hernández Rodríguez, Guillermina |
| 9 (RLIN) |
125766 |
| Término indicativo de función/relación |
asesora |
| 700 1# - PUNTO DE ACCESO ADICIONAL--NOMBRE DE PERSONA |
| Nombre de persona |
Becerra Morales, Diana |
| 9 (RLIN) |
11145 |
| Término indicativo de función/relación |
asesora |
| 856 40 - LOCALIZACIÓN Y ACCESO ELECTRÓNICOS |
| Texto de enlace |
DESCARGAR PDF |
| Identificador Uniforme del Recurso |
http://10.13.5.2/tesis/tl/1512803-2_ZENIL_LOPEZ_XIMENA.pdf |
| 942 ## - ELEMENTOS DE PUNTO DE ACCESO ADICIONAL (KOHA) |
| Fuente del sistema de clasificación o colocación |
Clasificación Universidad Autónoma Chapingo |
| Tipo de ítem Koha |
Tesis digital |